| 000 | 00650cam a22002411 4500 | ||
|---|---|---|---|
| 001 | 3136406 | ||
| 005 | 20180202042313.0 | ||
| 008 | 740718s1972 nyua b 000 0ceng | ||
| 010 | _a 72178706 | ||
| 020 | _a0882250205 | ||
| 020 | _a0882250213 (deluxe ed.) | ||
| 040 |
_aDLC _cDLC _dDLC |
||
| 041 | _aeng | ||
| 043 |
_an-us--- _an-us-dc |
||
| 080 | _a917.53 LEI | ||
| 082 | 0 | 0 | _a917.53 LEI |
| 100 | 1 | _a16 | |
| 101 | _aHIS | ||
| 245 | 1 | 4 |
_aThe White House, _cby Kenneth W. Leish and the editors of the Newsweek Book Division. |
| 504 | _aBibliography: p. [171] | ||
| 906 |
_a7 _bcbc _corignew _du _encip _f19 _gy-gencatlg |
||
| 942 |
_2ddc _cBK |
||
| 999 |
_c41593 _d41593 |
||